00740nam a2200229Ia 4500003000400000005001700004008004100021020001500062040000700077041001200084082001500096100003100111245005800142260003000200365001300230650003000243650003000273906006200303942001200365999001900377952011400396OSt20250801185947.0210423s2003 xx 000 0 und d a0333934954 cAL aEnglish a320 bCHAA aSauvik Chakraverti9122178 aAntidoteb: essays against the socialist Indian state bMacmillan India Ltdc2003 b135cINR aPolitical Science9122179 aPolitical Science9122179 aagainst ; Antidote: ; essaya ; indian ; socialist ; state 2ddccBK c173917d173917 001040708MSWaSACPGbSACPGd2004-06-10g135.00l0o320 CHAApPG020569r2022-08-24 00:00:00w2021-04-26yBK